| 000 | 00411nam a2200133Ia 4500 | ||
|---|---|---|---|
| 003 | GCL | ||
| 008 | 140319s9999 xx 000 0 ara d | ||
| 040 |
_aGCL / _cGCL |
||
| 082 | 0 | 4 |
_a219.1 _bام |
| 245 | 1 | 0 | _aالمتبرجات |
| 260 |
_a[S.N] : _bمكتبة السنة للنشر والتوزيع ، _c1989 |
||
| 300 | _a199 ص | ||
| 490 |
_aحقائق واكاذيب فى حياة المرأة المسلمة _v0 |
||
| 999 |
_c59132 _d59132 |
||